Alkaliplagiophyrite aus dem Bükkgebirge

Elmentve itt :
Bibliográfiai részletek
Szerző: Szentpétery Zsigmond
Dokumentumtípus: Cikk
Megjelent: 1935
Sorozat:Acta chemica, mineralogica et physica 4 No. 3
Kulcsszavak:Bükk-hegység - földtan
Tárgyszavak:
Online Access:http://acta.bibl.u-szeged.hu/23313
LEADER 00749nab a2200205 i 4500
001 acta23313
005 20220504142901.0
008 161017s1935 hu o 0|| ger d
022 |a 0365-8074 
040 |a SZTE Egyetemi Kiadványok Repozitórium  |b hun 
041 |a ger 
100 1 |a Szentpétery Zsigmond 
245 1 0 |a Alkaliplagiophyrite aus dem Bükkgebirge  |h [elektronikus dokumentum] /  |c  Szentpétery Zsigmond 
260 |c 1935 
300 |a 171-194 
490 0 |a Acta chemica, mineralogica et physica  |v 4 No. 3 
650 4 |a Természettudományok 
650 4 |a Föld- és kapcsolódó környezettudományok 
695 |a Bükk-hegység - földtan 
856 4 0 |u http://acta.bibl.u-szeged.hu/23313/1/chem_min_phys_004_fasc_003_171-194.pdf  |z Dokumentum-elérés